Teach Yourself Active Server Pages 3.0 (Record no. 258878)

MARC details
000 -LEADER
fixed length control field 00356pam a2200157a 44500
008 - FIXED-LENGTH DATA ELEMENTS--GENERAL INFORMATION
fixed length control field 230405s2005 xxu||||| |||| 00| 0 eng d
041 ## - LANGUAGE CODE
Language code of text/sound track or separate title ENG
100 ## - MAIN ENTRY--PERSONAL NAME
Personal name Scott Mitchell
245 ## - TITLE STATEMENT
Title Teach Yourself Active Server Pages 3.0
250 ## - EDITION STATEMENT
Edition statement 1
260 ## - PUBLICATION, DISTRIBUTION, ETC.
Place of publication, distribution, etc.
Name of publisher, distributor, etc. Techmedia
Date of publication, distribution, etc. 2005
300 ## - PHYSICAL DESCRIPTION
Extent 783p,25cms
440 ## - SERIES STATEMENT/ADDED ENTRY--TITLE
Title 390
690 ## - LOCAL SUBJECT ADDED ENTRY--TOPICAL TERM (OCLC, RLIN)
Topical term or geographic name as entry element MCA
906 ## - LOCAL DATA ELEMENT F, LDF (RLIN)
a 6019
Holdings
Withdrawn status Lost status Damaged status Not for loan Collection Home library Current library Date acquired Total Checkouts Barcode Date last seen Price effective from Koha item type
          Institute of Management & Rural Development Administration, Sangli Institute of Management & Rural Development Administration, Sangli 11/06/2016   RDS-MC-2048 14/04/2023 14/04/2023 Book
          Institute of Management & Rural Development Administration, Sangli Institute of Management & Rural Development Administration, Sangli 11/06/2016   RDS-MC-2047 14/04/2023 14/04/2023 Book
          Institute of Management & Rural Development Administration, Sangli Institute of Management & Rural Development Administration, Sangli 11/06/2016   RDS-MC-2046 14/04/2023 14/04/2023 Book
          Institute of Management & Rural Development Administration, Sangli Institute of Management & Rural Development Administration, Sangli 11/06/2016   RDS-MC-2045 14/04/2023 14/04/2023 Book
          Institute of Management & Rural Development Administration, Sangli Institute of Management & Rural Development Administration, Sangli 11/06/2016   RDS-MC-2044 14/04/2023 14/04/2023 Book
          Institute of Management & Rural Development Administration, Sangli Institute of Management & Rural Development Administration, Sangli 11/06/2016   RDS-MC-2043 14/04/2023 14/04/2023 Book